FarCry 4 Quiz - Statistics

General Stats
  • This quiz has been taken 233 times
  • The average score is 6 of 10
Answer Stats
Hint Answer % Correct
What year was the game released? 2014
89%
What animal do you have the ability to ride? Elephant
86%
What is the name of the tyrannical king who controlls the royal army? Pagan Min
86%
Where does the game take place? Kyrat
85%
Who published the game? Ubisoft
85%
The main story follows who? Ajay Ghale
67%
What is the rebel movement called? The Golden Path
54%
What is the players mothers name? Ishwari
39%
Where does the players mother want her ashes to be spread? Lakshmana
31%
What kind of game is FarCry 4? First-Person Action Adventure
19%
No matching quizzes found
Score Distribution
Percent of People with Each Score
Percentile by Number Answered
Your Score History
You have not taken this quiz